Water for agriculture: Irrigation economics in international perspective

Tallennettuna:
Bibliografiset tiedot
Päätekijä: Stephen Merrett
Aineistotyyppi: Kirja
Kieli:Undetermined
Julkaistu: London Spon Press 2002
Aiheet:
Tagit: Lisää tagi
Ei tageja, Lisää ensimmäinen tagi!
Thư viện lưu trữ: Trung tâm Học liệu Trường Đại học Cần Thơ
LEADER 00525nam a2200193Ia 4500
001 CTU_65703
008 210402s9999 xx 000 0 und d
020 |b 960000 
082 |a 333.913 
082 |b M568 
100 |a Stephen Merrett 
245 0 |a Water for agriculture: Irrigation economics in international perspective 
260 |a London 
260 |b Spon Press 
260 |c 2002 
650 |a irrigation 
650 |x economic aspects 
904 |i Minh 
980 |a Trung tâm Học liệu Trường Đại học Cần Thơ